| 000 | 00830nam a2200265Ia 4500 | ||
|---|---|---|---|
| 003 | OSt | ||
| 005 | 20221005062641.0 | ||
| 006 | a|||||r|||| 00| 0 | ||
| 007 | ta | ||
| 008 | 221004b |||||||| |||| 00| 0 eng d | ||
| 020 |
_a0 7619 4422 2 (hbk) _c7307.45 |
||
| 024 | _a87471 | ||
| 037 |
_b402, 13/03/2007, Bhartiya Sahitya Bhawan _cTextual |
||
| 040 |
_aCRL _cCRL _beng |
||
| 041 |
_2eng _aeng |
||
| 082 | _aX:9g, P6(RR) | ||
| 100 |
_aKonrad Alison M. Ed. _9602053 |
||
| 245 | 0 | _aHandbook of workplace diversity | |
| 260 |
_aLondon _bSage U. K. _c2006 |
||
| 300 |
_axv,551p. _ccm. |
||
| 650 | _aECONOMICS | ||
| 700 |
_a Pringle Judith Ed. _9602054 |
||
| 942 |
_hX:9g, P6(RR) _cTEXL _2cc |
||
| 999 |
_c970038 _d970038 |
||